Method of construction and calculation of the index of retail prices (Record no. 421276)

000 -LEADER
fixed length control field 00456cam a22001217a 4500
008 - FIXED-LENGTH DATA ELEMENTS--GENERAL INFORMATION
fixed length control field 180718b xxu||||| |||| 00| 0 eng d
082 ## - DEWEY DECIMAL CLASSIFICATION NUMBER
Classification number T123x42 Un3/1959
245 ## - TITLE STATEMENT
Title Method of construction and calculation of the index of retail prices
Statement of responsibility, etc. by Ministry of Labour and National Service
260 ## - PUBLICATION, DISTRIBUTION, ETC.
Place of publication, distribution, etc. London
Name of publisher, distributor, etc. Her Majesty's Stationery Office
Date of publication, distribution, etc.
300 ## - PHYSICAL DESCRIPTION
Extent v.p.
500 ## - GENERAL NOTE
General note Contents: Library has 1959, 1964
700 ## - ADDED ENTRY--PERSONAL NAME
Personal name U.K. Ministry of Labour and National Service
Holdings
Withdrawn status Lost status Damaged status Not for loan Permanent Location Current Location Date acquired Full call number Barcode Date last seen Price effective from Koha item type
        Indian Institute of Public Administration Indian Institute of Public Administration 2009-07-28 T123x42 Un3/1959 17893 2020-05-29 2018-07-21 Book

Powered by Koha